01752cam a2200325 i 450000100090000000300040000900500170001300800410003001000170007102000180008802000460010602000430015204000280019504200080022305000230023108200150025410000290026924500990029825000240039726400510042130000520047233600260052433700280055033800270057850000620060550400510066750506480071865000230136670000370138920449298OSt20220725092442.0180413s2019 nyua b 001 0 eng  a 2018018043 a9789355320131 a9781260397116q(hard cover ;qalk. paper) a1260397114q(hard cover ;qalk. paper) aDLCbengcDLCerdadDLC apcc00aHM1033b.M944 201900a302bMYE/S1 aMyers, David G.eauthor.10aSocial psychology /cDavid G. Myers, Hope College, Jean M. Twenge, San Diego State University. aThirteenth Edition. 1aNew York, NY :bMcGraw-Hill Education,c[2019] axxiv, 503 pages :bcolor illustrations ;c28 cm atextbtxt2rdacontent aunmediatedbn2rdamedia avolumebnc2rdacarrier aRevised edition of the authors' Social psychology, [2016] aIncludes bibliographical references and index.0 aIntroducing social psychology -- Social thinking -- The self in a social world -- Social beliefs and judgments -- Behavior and attitudes -- Social influence -- Genes, culture, and gender -- Conformity and obedience -- Persuasion -- Group influence -- Social relations -- Prejudice: disliking others -- Aggression: hurting others -- Attraction and intimacy: liking and loving others -- Helping -- Conflict and peacemaking -- Applying social psychology -- Social psychology in the clinic -- Social psychology in court -- Social psychology and the sustainable future -- Epilogue -- References R-1 -- Name index Ni-1 -- Subject index/glossary Si-. 0aSocial psychology.1 aTwenge, Jean M.,d1971-eauthor.